[Event "61st World U20 ch"]
[Site "Gandhinagar IND"]
[Date "2024.06.02"]
[Round "1.1"]
[White "Mishra, Abhimanyu"]
[Black "Pawar, Harshit"]
[Result "0-1"]
[WhiteElo "2627"]
[BlackElo "2132"]
[EventDate "2024.06.02"]
[PlyCount "68"]

1.d4 Nf6 2.c4 e6 3.Nf3 Bb4+ 4.Nbd2 b6 5.a3 Be7 6.e4 Bb7 7.Bd3 d5 8.cxd5 
exd5 9.e5 Ne4 ( 9...Nfd7 $142 ) 10.Qc2 Nxd2 11.Bxd2 c5 12.e6 ( 12.Bxh7 $6 
g6 13.Bxg6 fxg6 $11 ) 12...fxe6 13.Ne5 ( 13.Bxh7 $16 Bf6 14.O-O ( 14.dxc5 
bxc5 15.O-O Qe7 $16 ) ) 13...Bf6 ( 13...Nc6 $5 ) 14.Bg6+ Ke7 ( 14...hxg6 
$2 15.Qxg6+ Ke7 16.Qf7+ Kd6 17.Qxb7 $18 ) 15.Bxh7 ( 15.Nf7 Qc7 16.Nxh8 Nc6
17.dxc5 ( 17.Bxh7 Rxh8 18.O-O Nxd4 $19 ) 17...Qe5+ 18.Kf1 Ba6+ 19.Kg1 Nd4 
$17 ) 15...Nc6 16.Ng6+ Kd7 $1 17.Nxh8 Nxd4 18.Qd1 ( 18.Qg6 $11 Qe7 ( 18...
Qxh8 19.O-O $11 ) 19.Nf7 ) 18...Qxh8 $17 19.Bg6 Ba6 ( 19...Qh4 $17 20.O-O 
Nc6 ) 20.Be3 $1 $15 Nc6 ( 20...Be2 $17 21.Qd2 Bc4 ) 21.Rb1 ( 21.Qc2 $1 $11
) 21...Qh4 $1 $17 22.Bd3 $1 Bxd3 23.Qxd3 c4 24.Qe2 ( 24.Qd1 $1 $15 ) 24...
Rh8 25.h3 d4 $1 26.Rd1 Ke7 27.Bc1 ( 27.Bd2 $17 d3 28.Qf3 ) 27...d3 $19 28.
Qf3 Nd4 29.Qb7+ Kd6 $1 30.Kf1 Rf8 $40 31.Qxa7 $2 ( 31.g3 Qh5 32.Kg2 ) 
31...Nc6 $1 32.Qa6 Bd4 33.g3 Qxg3 34.Be3 Rxf2+ 0-1

[Event "61st World U20 ch"]
[Site "Gandhinagar IND"]
[Date "2024.06.02"]
[Round "1.2"]
[White "Sushanth, Kamabathula"]
[Black "Grebnev, Aleksey"]
[Result "0-1"]
[WhiteElo "2131"]
[BlackElo "2540"]
[EventDate "2024.06.02"]
[PlyCount "84"]

1.e4 c5 2.Nf3 d6 3.d4 cxd4 4.Nxd4 Nf6 5.Nc3 a6 6.h3 e5 7.Nf3 Be7 8.g4 h6 
9.Rg1 b5 10.g5 hxg5 11.Nxg5 Bb7 12.Be3 Qc7 13.Qd2 $1 Nbd7 14.O-O-O b4 15.
Nd5 Nxd5 16.exd5 Nf6 17.Bg2 Bc8 18.Qxb4 Bf5 19.c3 O-O 20.Bf1 ( 20.Qb6 $1 
$11 Qc4 21.Qa5 ) 20...Rfc8 21.f4 ( 21.Qb6 $15 ) 21...Rab8 $19 22.Qa3 exf4 
23.Bd4 Nh5 ( 23...Nxd5 24.Nxf7 Kxf7 25.Rxg7+ Kf8 26.Bxa6 $11 ) 24.Qa4 $2 (
24.Nf3 $17 ) 24...Ng3 25.h4 ( 25.Nf3 ) 25...Bxg5 26.hxg5 Qe7 27.b4 Ne4 ( 
27...Qxg5 28.Kb2 $15 ) 28.c4 Ng3 ( 28...Nxg5 29.Qb3 $17 ) 29.Rxg3 fxg3 30.
Qb3 Qxg5+ 31.Be3 Qg4 32.Rd2 Be4 33.Be2 Bf3 34.Rd4 Qh5 35.Bxf3 Qxf3 36.Qd3 
g2 37.Kd2 Rxb4 38.Rh4 Rb2+ 39.Kc3 Qf6+ 40.Qd4 Qxd4+ ( 40...Re2 $142 41.
Qxf6 Rxe3+ ( 41...gxf6 $2 42.Rg4+ Kf8 43.Kd3 $19 ) 42.Kc2 g1=Q ( 42...gxf6
$2 43.Rg4+ Kf8 44.Rxg2 $19 ) 43.Qd4 Re2+ 44.Qd2 Rxd2+ 45.Kxd2 Qg5+ 46.Kc2 
Qxh4 47.Kd3 Qxc4+ 48.Ke3 Re8+ ( 48...Qxa2 49.Ke4 Rc4+ 50.Kf3 Qa3+ 51.Kf2 
Rc2+ 52.Kg1 Qc1# ) 49.Kf2 Qf4+ ( 49...Qxa2+ 50.Kg3 Re3+ 51.Kf4 Qf2+ 52.Kg4
Qg3+ 53.Kh5 Re5# ) 50.Kg1 Qg3+ 51.Kh1 Re1# ) 41.Bxd4 Rxa2 42.Rg4 Ra4 0-1

[Event "61st World U20 ch"]
[Site "Gandhinagar IND"]
[Date "2024.06.02"]
[Round "1.3"]
[White "Pranav, Anand"]
[Black "Alekhya, Mukhopadhyay"]
[Result "1-0"]
[WhiteElo "2540"]
[BlackElo "2130"]
[EventDate "2024.06.02"]
[PlyCount "107"]

1.e4 c5 2.Nf3 e6 3.d4 cxd4 4.Nxd4 a6 5.Bd3 Qc7 6.Qe2 d6 7.Nc3 Nf6 8.O-O g6
9.Kh1 Bg7 10.f4 O-O 11.Nf3 Nc6 12.Bd2 b6 13.Rae1 Nd7 $146 ( 13...Bb7 14.
Qf2 b5 15.Qh4 b4 16.Nd1 a5 17.f5 exf5 18.exf5 Ne5 19.Nxe5 dxe5 ) 14.Qf2 
Bb7 15.Qh4 Rfe8 16.f5 Nce5 17.Nxe5 dxe5 18.f6 Qd8 19.Bg5 h6 20.Bxh6 ( 20.
fxg7 Qxg5 21.Qf2 Qe7 $17 ( 21...Kxg7 $2 22.Qxf7+ Kh8 23.Qxd7 $18 ) ) 20...
Bxh6 21.Qxh6 Nxf6 22.h3 Qe7 23.Rf3 Nh7 24.Rg3 Qf8 25.Qe3 b5 26.Rf1 Kg7 27.
a4 b4 28.Nd1 Qd6 29.Nf2 Nf6 30.Rf3 Ng8 $2 ( 30...Rh8 $2 31.Ng4 ( 31.Nd1 
Rad8 $18 ) 31...Raf8 ( 31...Nxg4 $2 32.Rxf7+ Kg8 33.Qg5 $18 ) 32.Rxf6 $18 
( 32.Nxf6 Bc6 $18 ) ) ( 30...Rf8 $16 ) 31.Ng4 $18 f5 32.Qg5 $2 ( 32.exf5 
$1 $18 exf5 33.Rxf5 gxf5 34.Rxf5 ) 32...Qe7 $14 33.Qxe7+ ( 33.h4 Qxg5 34.
hxg5 Rac8 35.Nxe5 Rc5 36.Nc4 ) 33...Rxe7 34.Nxe5 fxe4 $2 ( 34...Kf6 $16 
35.Nc4 Rd8 ) 35.Rg3 ( 35.Rf7+ $142 Rxf7 36.Rxf7+ Kh6 37.Ng4+ ( 37.Rxb7 
exd3 38.Nxd3 a5 $18 ) 37...Kh5 38.Be2 ( 38.Rxb7 exd3 39.cxd3 Kg5 $18 ) ) 
35...exd3 36.Rxg6+ Kh8 37.cxd3 Rh7 $2 ( 37...Bd5 ) 38.Nf7+ $18 ( 38.Rxe6 
Rxh3+ 39.Kg1 Rg3 $17 ) 38...Rxf7 39.Rxf7 Bd5 40.Rf4 Kh7 41.Rg5 $1 Nh6 42.
Rxb4 Nf5 43.Rbg4 Kh6 44.Rg8 $1 Rxg8 45.Rxg8 a5 46.Kh2 Ne3 ( 46...Ne7 $142 
47.Rb8 Nc6 ) 47.g4 $18 Bc6 48.Kg3 Bxa4 49.Ra8 Nd1 ( 49...Nc2 $142 50.Rxa5 
Bb3 ) 50.b4 $18 Nb2 51.Rxa5 Bc6 52.b5 Bd5 53.b6 Nxd3 54.Rxd5 1-0